[Event "Zudov Memorial-A 6th"]
[Site "Nizhnij Tagil"]
[Date "2010.06.25"]
[Round "1"]
[White "Kornev, Alexander"]
[Black "Schagyrov, Anvar"]
[Result "1/2-1/2"]
[WhiteElo "2278"]
[BlackElo "2343"]
[PlyCount "20"]
[EventDate "2010.06.25"]
[EventType "tourn"]
[EventRounds "11"]
[EventCountry "RUS"]
[EventCategory "3"]
[SourceTitle "EXT 2011"]
[Source "ChessBase"]
[SourceDate "2010.11.26"]
[SourceVersion "1"]
[SourceVersionDate "2010.11.26"]
[SourceQuality "1"]

1. e4 e5 2. Nf3 Nf6 3. Nxe5 d6 4. Nf3 Nxe4 5. Qe2 Qe7 6. d3 Nf6 7. Bg5 Qxe2+ 8. Bxe2 Be7 9. Nc3 Be6 10. 0-0-0 Nc6 1/2-1/2